[Event "Bodensee Seniors op"]
[Site "Bregenz"]
[Date "2025.05.31"]
[Round "7"]
[White "Madebrink, Lars"]
[Black "Luciani, Carlo"]
[Result "1-0"]
[WhiteElo "2031"]
[BlackElo "2122"]
[PlyCount "83"]
[EventDate "2025.05.25"]
[EventType "swiss"]
[EventRounds "7"]
[EventCountry "AUT"]
[SourceTitle "CB29_2025"]
[SourceDate "2025.07.16"]
[SourceVersion "1"]
[SourceVersionDate "2025.07.16"]
[SourceQuality "1"]

1. c4 Nf6 2. Nc3 g6 3. d4 Bg7 4. e4 d6 5. f3 0-0 6. Be3 c6 7. Qd2 a6 8. Bd3 e5 9. Nge2 Nbd7 10. 0-0 b5 11. Rac1 Bb7 12. b3 exd4 13. Nxd4 Ne5 14. Be2 Qa5 15. Rfd1 Rfe8 16. Nd5 Qxd2 17. Nxf6+ Bxf6 18. Rxd2 c5 19. Nc2 bxc4 20. Rxd6 Be7 21. Rb6 Bc8 22. bxc4 Be6 23. Na3 Red8 24. Rc3 Bf6 25. Rcb3 Nd7 26. Rd6 Be7 27. Rd2 Ne5 28. Rxd8+ Rxd8 29. Rb6 Nd3 30. Rxa6 Nb4 31. Ra7 Bf6 32. Bxc5 Nd3 33. Nb5 Nc1 34. Bf1 Nb3 35. Be3 Nd2 36. Nc7 Bxc4 37. Bxc4 Nxc4 38. Bc5 Rd1+ 39. Kf2 Bh4+ 40. g3 Bd8 41. Nd5 Kg7 42. Ra8 1-0

[Event "Bodensee Seniors op"]
[Site "Bregenz"]
[Date "2025.05.27"]
[Round "3"]
[White "Madebrink, Lars"]
[Black "Peterlunger, Erich"]
[Result "1-0"]
[WhiteElo "2031"]
[BlackElo "1906"]
[PlyCount "79"]
[EventDate "2025.05.25"]
[EventType "swiss"]
[EventRounds "7"]
[EventCountry "AUT"]
[SourceTitle "CB29_2025"]
[SourceDate "2025.07.16"]
[SourceVersion "1"]
[SourceVersionDate "2025.07.16"]
[SourceQuality "1"]

1. d4 f5 2. g3 Nf6 3. Bg2 e6 4. Nh3 Be7 5. 0-0 0-0 6. c4 d6 7. Nc3 Nc6 8. d5 Ne5 9. b3 Rb8 10. Nf4 exd5 11. Ncxd5 c6 12. Nxe7+ Qxe7 13. Bb2 Be6 14. c5 Nf7 15. cxd6 Nxd6 16. Qd4 Bf7 17. Ba3 Rfd8 18. Qxa7 Qc7 19. Qc5 Ra8 20. Bb2 Ra5 21. Qc2 Nde4 22. Rfd1 Rc5 23. Rxd8+ Qxd8 24. Rd1 Qb6 25. Qd3 Bd5 26. Bd4 Qa5 27. Bxc5 Qxc5 28. Qd4 Qc2 29. f3 Nc3 30. Rd2 Qc1+ 31. Kf2 Nce4+ 32. Ke3 Qg1+ 33. Kd3 Qxd4+ 34. Kxd4 Nxd2 35. Kc3 Nde4+ 36. fxe4 Nxe4+ 37. Kd4 Nf6 38. Nxd5 cxd5 39. Bxd5+ Kf8 40. Bxb7 1-0

[Event "Bodensee Seniors op"]
[Site "Bregenz"]
[Date "2025.05.26"]
[Round "2"]
[White "Berchtold, Guenter"]
[Black "Madebrink, Lars"]
[Result "1/2-1/2"]
[WhiteElo "1881"]
[BlackElo "2031"]
[PlyCount "86"]
[EventDate "2025.05.25"]
[EventType "swiss"]
[EventRounds "7"]
[EventCountry "AUT"]
[SourceTitle "CB29_2025"]
[SourceDate "2025.07.16"]
[SourceVersion "1"]
[SourceVersionDate "2025.07.16"]
[SourceQuality "1"]

1. d4 Nf6 2. Nf3 g6 3. e3 Bg7 4. Bd3 0-0 5. Nbd2 d6 6. Qe2 Nbd7 7. e4 e5 8. dxe5 Nxe5 9. Nxe5 dxe5 10. Nc4 Qe7 11. 0-0 Nh5 12. g3 Be6 13. a4 Rfd8 14. b3 Bh3 15. Re1 Nf6 16. Ba3 Qe8 17. Rad1 h5 18. Ne3 Bf8 19. Bxf8 Qxf8 20. Nc4 Qe7 21. f3 Nd7 22. Qf2 Nc5 23. Bf1 Bxf1 24. Kxf1 b6 25. Rd5 f6 26. Red1 c6 27. Rd6 Nb7 28. Rxd8+ Rxd8 29. Rxd8+ Qxd8 30. Qd2 Qxd2 31. Nxd2 Kf7 32. Ke2 Ke6 33. Ke3 Nd6 34. f4 exf4+ 35. gxf4 g5 36. fxg5 fxg5 37. Nf3 Nf7 38. Nd4+ Kd6 39. Nf5+ Kc5 40. Nd4 a5 41. c3 Kd6 42. Nf5+ Ke5 43. Nd4 Kd6 1/2-1/2

[Event "Ostersund Storsjodraget op"]
[Site "Ostersund"]
[Date "2024.06.14"]
[Round "3"]
[White "Sundell, Hugo"]
[Black "Madebrink, Lars"]
[Result "0-1"]
[WhiteElo "1760"]
[BlackElo "2041"]
[PlyCount "57"]
[EventDate "2024.06.14"]
[EventType "swiss"]
[EventRounds "7"]
[EventCountry "SWE"]
[SourceTitle "CBM 220 Extra"]
[Source "ChessBase"]
[SourceDate "2024.07.31"]
[SourceVersion "1"]
[SourceVersionDate "2024.07.31"]
[SourceQuality "1"]

1. c4 Nf6 2. Nc3 g6 3. e4 d6 4. d4 Bg7 5. Be2 0-0 6. Be3 c5 7. d5 e6 8. Nf3 exd5 9. cxd5 Re8 10. Nd2 Na6 11. 0-0 Nc7 12. a4 Bd7 13. Qc2 a6 14. a5 Nb5 15. f3 Nxc3 16. bxc3 Nxd5 17. Nc4 Nxe3 18. Nxe3 Bc6 19. Ra2 Qf6 20. c4 Qd4 21. Qd3 f5 22. Kh1 fxe4 23. Qxd4 cxd4 24. Nd5 d3 25. Bd1 Bxd5 26. cxd5 e3 27. Bb3 e2 28. Re1 Bc3 29. Raa1 0-1

[Event "Thessaloniki Vardaris op 7th"]
[Site "Thessaloniki"]
[Date "2024.03.14"]
[Round "1"]
[White "Boutikos, Eleftherios"]
[Black "Madebrink, Lars"]
[Result "0-1"]
[WhiteElo "1816"]
[BlackElo "2081"]
[PlyCount "86"]
[EventDate "2024.03.14"]
[EventType "swiss"]
[EventRounds "7"]
[EventCountry "GRE"]
[SourceTitle "CBM 219 Extra"]
[Source "ChessBase"]
[SourceDate "2024.05.31"]
[SourceVersion "1"]
[SourceVersionDate "2024.05.31"]
[SourceQuality "1"]

1. e4 d5 2. exd5 Qxd5 3. Nc3 Qd6 4. d4 Nf6 5. Bc4 Bg4 6. f3 Bc8 7. Nge2 c6 8. 0-0 g6 9. Ne4 Qb4 10. Nxf6+ exf6 11. Bb3 Bg7 12. c3 Qb6 13. Qe1 0-0 14. Qh4 Re8 15. Ng3 Be6 16. Ne4 Nd7 17. Nd6 Re7 18. Re1 Nf8 19. Bh6 Bxh6 20. Qxh6 Qd8 21. Ne4 Bxb3 22. Nxf6+ Kh8 23. Qf4 Re6 24. Rxe6 Bxe6 25. d5 Nd7 26. Ne4 cxd5 27. Ng5 Qf6 28. Qh4 Nf8 29. Re1 Kg8 30. f4 h6 31. Qxh6 Qh8 32. Qxh8+ Kxh8 33. Kf2 Kg7 34. Ke3 f6 35. Nf3 Bg4 36. Kd4 Kf7 37. Nh4 Ne6+ 38. Kxd5 Rd8+ 39. Kc4 Nxf4 40. g3 Be6+ 41. Kb5 Rd5+ 42. Ka4 Nd3 43. Re2 Bg4 0-1

[Event "EU-ch Seniors 65 22nd"]
[Site "Acqui Terme"]
[Date "2023.05.28"]
[Round "3"]
[White "Taksrud, Vidar"]
[Black "Madebrink, Lars"]
[Result "0-1"]
[WhiteElo "1885"]
[BlackElo "2136"]
[PlyCount "74"]
[EventDate "2023.05.26"]
[EventType "swiss"]
[EventRounds "9"]
[EventCountry "ITA"]
[SourceTitle "CBM 214 Extra"]
[Source "ChessBase"]
[SourceDate "2023.07.31"]
[SourceVersion "1"]
[SourceVersionDate "2023.07.31"]
[SourceQuality "1"]

1. d4 Nf6 2. Nf3 e6 3. g3 c5 4. Bg2 d5 5. 0-0 cxd4 6. Nxd4 e5 7. Nb3 Nc6 8. Bg5 Be6 9. Nc3 d4 10. Ne4 Be7 11. Nec5 Bc8 12. c3 dxc3 13. bxc3 Qc7 14. Qc2 0-0 15. Rad1 Rb8 16. Rd2 b6 17. Nd3 Bb7 18. Rfd1 h6 19. Bxf6 Bxf6 20. Nb4 Ne7 21. Rd7 Qc8 22. Qd3 a5 23. Rxb7 Rxb7 24. Bxb7 Qxb7 25. Nd5 Nxd5 26. Qxd5 Qc7 27. Rd3 Rd8 28. Qe4 Rxd3 29. Qxd3 e4 30. Qxe4 Qxc3 31. Qd3 a4 32. Qxc3 Bxc3 33. Nc1 b5 34. Kf1 b4 35. e3 Bd2 36. Ne2 b3 37. axb3 axb3 0-1

[Event "EU-ch Seniors 65 22nd"]
[Site "Acqui Terme"]
[Date "2023.05.26"]
[Round "1"]
[White "Gunnarsson, Lennart"]
[Black "Madebrink, Lars"]
[Result "0-1"]
[WhiteElo "1724"]
[BlackElo "2136"]
[PlyCount "58"]
[EventDate "2023.05.26"]
[EventType "swiss"]
[EventRounds "9"]
[EventCountry "ITA"]
[SourceTitle "CBM 214 Extra"]
[Source "ChessBase"]
[SourceDate "2023.07.31"]
[SourceVersion "1"]
[SourceVersionDate "2023.07.31"]
[SourceQuality "1"]

1. d4 Nf6 2. c4 e6 3. Nc3 d5 4. Bg5 Be7 5. e3 0-0 6. Nf3 b6 7. cxd5 exd5 8. Bd3 h6 9. Bh4 Bb7 10. 0-0 Nbd7 11. Qe2 a6 12. e4 Nxe4 13. Nxe4 Bxh4 14. Nc3 Bf6 15. Rac1 Re8 16. Qd2 c5 17. dxc5 Nxc5 18. Rfe1 Ne4 19. Qc2 Rc8 20. Qb3 Nc5 21. Qd1 d4 22. Rxe8+ Qxe8 23. Ne2 Rd8 24. Ng3 Qd7 25. h3 Qd6 26. Nh5 Be7 27. Ng3 g6 28. Qd2 Bxf3 29. gxf3 Bg5 0-1

[Event "Norrkoeping Easter op"]
[Site "Norrkoeping"]
[Date "2023.04.09"]
[Round "6"]
[White "Soderstrom, Adrian"]
[Black "Madebrink, Lars"]
[Result "1-0"]
[WhiteElo "2339"]
[BlackElo "2093"]
[PlyCount "93"]
[EventDate "2023.04.07"]
[EventType "swiss"]
[EventRounds "8"]
[EventCountry "SWE"]
[SourceTitle "CBM 213 Extra"]
[Source "ChessBase"]
[SourceDate "2023.05.31"]
[SourceVersion "1"]
[SourceVersionDate "2023.05.31"]
[SourceQuality "1"]

1. d4 Nf6 2. c4 e6 3. Nf3 Bb4+ 4. Nbd2 0-0 5. a3 Be7 6. e4 d6 7. Bd3 Nc6 8. 0-0 a5 9. b3 e5 10. d5 Nb8 11. Re1 Nh5 12. Nf1 Nf4 13. Bc2 g6 14. Be3 Nd7 15. Qd2 Nh5 16. Bh6 Re8 17. b4 c6 18. Ba4 Nb6 19. Bb3 a4 20. Ba2 Bg4 21. Qe3 cxd5 22. exd5 Ng7 23. Bxg7 Kxg7 24. h3 Bxf3 25. Qxf3 f5 26. Ne3 e4 27. Qd1 Nd7 28. Rc1 Ne5 29. Bb1 Qb6 30. Qd2 Rec8 31. Red1 Bg5 32. Nxf5+ Kf6 33. Ne3 Bxe3 34. fxe3 Nxc4 35. Qf2+ Kg7 36. Rd4 Nxa3 37. Rxc8 Rxc8 38. Rxe4 Qc7 39. Bd3 Qc1+ 40. Kh2 Rc7 41. Re8 Rf7 42. Qh4 Qc3 43. Bxg6 Kxg6 44. Qg3+ Kh6 45. Re4 Rf5 46. Rh4+ Rh5 47. Qf4+ 1-0

[Event "Skara Vastgota op"]
[Site "Skara"]
[Date "2023.02.18"]
[Round "5"]
[White "Madebrink, Lars"]
[Black "Silseth, Simon"]
[Result "0-1"]
[WhiteElo "2128"]
[BlackElo "2268"]
[PlyCount "76"]
[EventDate "2023.02.18"]
[EventType "swiss"]
[EventRounds "9"]
[EventCountry "SWE"]
[SourceTitle "CBM 212 Extra"]
[Source "ChessBase"]
[SourceDate "2023.03.31"]
[SourceVersion "1"]
[SourceVersionDate "2023.03.31"]
[SourceQuality "1"]

1. e4 c6 2. d4 d5 3. Nc3 dxe4 4. Nxe4 Bf5 5. Ng3 Bg6 6. h4 h6 7. Bc4 e6 8. N1e2 Bd6 9. Nf4 Bxf4 10. Bxf4 Nf6 11. Qd2 Nbd7 12. 0-0-0 Nd5 13. h5 Bh7 14. Ne2 Nxf4 15. Nxf4 Qf6 16. Rhe1 0-0-0 17. g3 Rhe8 18. Qa5 Nb6 19. Bf1 Rxd4 20. Qxa7 Kc7 21. Qa3 Red8 22. Bd3 Bxd3 23. Rxd3 Rxd3 24. Nxd3 Qg5+ 25. Kb1 Qxh5 26. b3 Qf3 27. Qc5 Qd5 28. Qc3 Qd4 29. Qa5 Rd5 30. Qa3 Qc3 31. Re3 Rd6 32. Qa7 Nd5 33. Nc5 Nxe3 34. Qxb7+ Kd8 35. Qb8+ Ke7 36. Qc7+ Ke8 37. Qxd6 Qxc2+ 38. Ka1 Qc1# 0-1

[Event "Wch Seniors 65 30th"]
[Site "Assisi"]
[Date "2022.11.24"]
[Round "9"]
[White "De Jong, Tom"]
[Black "Madebrink, Lars"]
[Result "1/2-1/2"]
[WhiteElo "2216"]
[BlackElo "2084"]
[PlyCount "144"]
[EventDate "2022.11.15"]
[EventType "swiss"]
[EventRounds "11"]
[EventCountry "ITA"]
[SourceTitle "CBM 211 Extra"]
[Source "ChessBase"]
[SourceDate "2023.01.31"]
[SourceVersion "1"]
[SourceVersionDate "2023.01.31"]
[SourceQuality "1"]

1. e4 d5 2. exd5 Nf6 3. d4 Bg4 4. Nf3 Nxd5 5. c4 Nb6 6. Be2 e6 7. Nc3 Be7 8. h3 Bh5 9. Be3 Nc6 10. 0-0 0-0 11. b3 a5 12. a4 Nd7 13. Nb5 Bf6 14. Rc1 Bg6 15. Bf4 e5 16. dxe5 Ncxe5 17. Nxe5 Nxe5 18. Qxd8 Raxd8 19. Be3 c6 20. Nd4 Ng4 21. Bxg4 Bxd4 22. Bf4 Bb2 23. Rcd1 Bc3 24. Bd6 Rfe8 25. c5 Be4 26. Bf3 Bxf3 27. gxf3 Bb4 28. Rd3 Bxc5 29. Rfd1 Bb6 30. Kf1 f6 31. f4 f5 32. b4 axb4 33. Bxb4 Rxd3 34. Rxd3 Re4 35. Rb3 Bc7 36. Bc3 b6 37. Be5 Bxe5 38. fxe5 Rxa4 39. Rxb6 Re4 40. Rxc6 Rxe5 41. Kg2 Kf7 42. Ra6 Re6 43. Ra7+ Kf6 44. Rb7 Ra6 45. Rc7 h5 46. Rb7 h4 47. Rb8 Kg5 48. Rb7 g6 49. Rh7 Ra4 50. Rf7 Kf4 51. Rh7 g5 52. Rh8 Ra3 53. Rb8 g4 54. Rb4+ Kg5 55. hxg4 h3+ 56. Kh2 fxg4 57. Rb8 Ra5 58. Kg3 Ra3+ 59. Kh2 Rf3 60. Kg1 Rf5 61. Ra8 Re5 62. Kh2 Rf5 63. Kg1 Rd5 64. Kh2 Rd1 65. Rg8+ Kf4 66. Rf8+ Ke4 67. Rf7 Rd3 68. Kg1 Rf3 69. Re7+ Kd3 70. Rd7+ Kc2 71. Rd4 h2+ 72. Kxh2 Rxf2+ 1/2-1/2

[Event "Wch Seniors 65 30th"]
[Site "Assisi"]
[Date "2022.11.20"]
[Round "6"]
[White "Madebrink, Lars"]
[Black "Chan, Peng Kong"]
[Result "1-0"]
[WhiteElo "2084"]
[BlackElo "2149"]
[PlyCount "99"]
[EventDate "2022.11.15"]
[EventType "swiss"]
[EventRounds "11"]
[EventCountry "ITA"]
[SourceTitle "CBM 211 Extra"]
[Source "ChessBase"]
[SourceDate "2023.01.31"]
[SourceVersion "1"]
[SourceVersionDate "2023.01.31"]
[SourceQuality "1"]

1. d4 Nf6 2. c4 e6 3. Nf3 b6 4. Nc3 Bb4 5. Qb3 c5 6. Bg5 h6 7. Bh4 Nc6 8. dxc5 Bxc5 9. e3 0-0 10. Be2 Be7 11. 0-0 Bb7 12. Rac1 Rc8 13. Nb5 Na5 14. Qd1 a6 15. Nd6 Bxd6 16. Qxd6 Qc7 17. Qxc7 Rxc7 18. Bg3 Rcc8 19. Bd6 Rfe8 20. Rfd1 Ne4 21. b4 Nc6 22. a3 Ne7 23. g4 Rc6 24. Bxe7 Rxe7 25. Ne5 Rc7 26. f3 Nf6 27. Rd6 b5 28. c5 Nd5 29. Kf2 f6 30. Ng6 Re8 31. Bd3 Kf7 32. Be4 Ra8 33. Nf4 Ne7 34. Bxb7 Rxb7 35. Rcd1 g5 36. Nh5 Raa7 37. f4 Nc6 38. Kg3 gxf4+ 39. exf4 a5 40. f5 Ne5 41. fxe6+ dxe6 42. Rf1 axb4 43. Rxf6+ Kg8 44. axb4 Ra3+ 45. Kf4 Nd3+ 46. Ke4 Nxb4 47. c6 Rc7 48. Rfxe6 Raa7 49. Rxh6 Re7+ 50. Kf5 1-0

[Event "Skara Vastgota op"]
[Site "Skara"]
[Date "2022.10.30"]
[Round "6"]
[White "Kleimark, Anders Ludvig"]
[Black "Madebrink, Lars"]
[Result "0-1"]
[WhiteElo "1976"]
[BlackElo "2095"]
[PlyCount "76"]
[EventDate "2022.10.29"]
[EventType "swiss"]
[EventRounds "9"]
[EventCountry "SWE"]
[SourceTitle "EXT 2024"]
[Source "ChessBase"]
[SourceDate "2023.10.10"]
[SourceVersion "1"]
[SourceVersionDate "2023.10.10"]
[SourceQuality "1"]

1. d4 Nf6 2. c4 g6 3. Nf3 Bg7 4. Nc3 0-0 5. g3 d6 6. Bg2 Nbd7 7. 0-0 c6 8. e4 e5 9. h3 a5 10. Re1 Re8 11. b3 exd4 12. Nxd4 Nc5 13. Bb2 a4 14. b4 a3 15. Bc1 Ne6 16. Be3 Nd7 17. Rc1 Ne5 18. Nce2 Nxd4 19. Nxd4 Qe7 20. f4 Nd7 21. Qd2 Bf8 22. b5 c5 23. Ne2 Nb6 24. Qd3 Be6 25. Bf2 Ra4 26. Nc3 Bxc4 27. Qc2 Rb4 28. Nd5 Nxd5 29. exd5 Qd7 30. Rxe8 Qxe8 31. Be1 Qe3+ 32. Kh2 Bd3 33. Qd1 Rb2 34. Rc3 c4 35. Rxa3 Qc5 36. Ra8 Be4 37. Bd2 Qd4 38. Qe1 Rxd2 0-1

[Event "Skara Vastgota op"]
[Site "Skara"]
[Date "2022.10.30"]
[Round "7"]
[White "Madebrink, Lars"]
[Black "Blomqvist, Erik"]
[Result "0-1"]
[WhiteElo "2095"]
[BlackElo "2526"]
[PlyCount "60"]
[EventDate "2022.10.29"]
[EventType "swiss"]
[EventRounds "9"]
[EventCountry "SWE"]
[SourceTitle "EXT 2024"]
[Source "ChessBase"]
[SourceDate "2023.10.10"]
[SourceVersion "1"]
[SourceVersionDate "2023.10.10"]
[SourceQuality "1"]

1. d4 Nf6 2. c4 e6 3. Nc3 Bb4 4. f3 d5 5. a3 Be7 6. e4 dxc4 7. Bxc4 c5 8. d5 0-0 9. Nge2 exd5 10. Nxd5 Nxd5 11. Bxd5 Nd7 12. 0-0 Nb6 13. Ba2 c4 14. Be3 Qc7 15. Kh1 Be6 16. Nd4 Bc5 17. Nxe6 fxe6 18. Qe2 Bxe3 19. Qxe3 Qe5 20. Rac1 Rac8 21. Rc3 Rfd8 22. f4 Qd4 23. Qf3 Qd2 24. f5 Rf8 25. Rf2 Qd4 26. Rcc2 Qe5 27. h3 Rc6 28. Rcd2 Na4 29. Rd7 Nc5 30. Rd1 Nxe4 0-1

[Event "Norrkoeping Easter op"]
[Site "Norrkoeping"]
[Date "2022.04.16"]
[Round "5"]
[White "Madebrink, Lars"]
[Black "Krantz, Christopher"]
[Result "1/2-1/2"]
[WhiteElo "2122"]
[BlackElo "2250"]
[PlyCount "72"]
[EventDate "2022.04.15"]
[EventType "swiss"]
[EventRounds "8"]
[EventCountry "SWE"]
[SourceTitle "CBM 207 Extra"]
[Source "ChessBase"]
[SourceDate "2022.05.31"]
[SourceVersion "1"]
[SourceVersionDate "2022.05.31"]
[SourceQuality "1"]

1. Nf3 g6 2. d4 Bg7 3. e4 c6 4. c4 d5 5. cxd5 cxd5 6. exd5 Nf6 7. Nc3 Nxd5 8. Bc4 Nxc3 9. bxc3 Qc7 10. Qb3 0-0 11. 0-0 Nc6 12. Be2 Na5 13. Qb4 Be6 14. Bg5 Nc6 15. Qa3 Bd5 16. Rac1 e6 17. Rfd1 a6 18. Nd2 b5 19. Nb3 Rfc8 20. c4 bxc4 21. Bxc4 Qd7 22. Qa4 Ne5 23. Qxd7 Nxd7 24. Bxd5 exd5 25. Rxc8+ Rxc8 26. Rc1 Rxc1+ 27. Bxc1 Nb8 28. Bd2 Kf8 29. Kf1 Ke8 30. Ke2 Kd7 31. Kd3 Kc6 32. Nc5 Bf8 33. Bf4 Bxc5 34. Bxb8 Be7 35. Kc3 h5 36. Bf4 Kb5 1/2-1/2

[Event "Thessaloniki Vardaris op 6th"]
[Site "Thessaloniki"]
[Date "2020.03.02"]
[Round "7"]
[White "Makris, Spyridon Dionysios"]
[Black "Madebrink, Lars"]
[Result "1-0"]
[WhiteElo "1959"]
[BlackElo "2115"]
[PlyCount "123"]
[EventDate "2020.02.27"]
[EventType "swiss"]
[EventRounds "7"]
[EventCountry "GRE"]
[SourceTitle "CBM 195 Extra"]
[Source "ChessBase"]
[SourceDate "2020.05.31"]
[SourceVersion "1"]
[SourceVersionDate "2020.05.31"]
[SourceQuality "1"]

1. d4 Nf6 2. c4 e6 3. Nc3 d5 4. cxd5 exd5 5. Bg5 Be7 6. e3 0-0 7. Bd3 b6 8. Bxf6 Bxf6 9. Qh5 g6 10. Qxd5 c6 11. Qxd8 Rxd8 12. Nge2 Bb7 13. Be4 Nd7 14. 0-0 Rac8 15. g3 Ba6 16. Rfd1 c5 17. Rac1 cxd4 18. Nxd4 Nc5 19. Bc2 Kf8 20. Rd2 Bb7 21. Rcd1 a6 22. a4 Ke8 23. e4 Ne6 24. Nde2 Rxd2 25. Rxd2 Rc4 26. Bb3 Rb4 27. Bd5 Bc8 28. b3 Nd4 29. Nxd4 Rxd4 30. Rxd4 Bxd4 31. Ne2 Bb2 32. f3 Ke7 33. Kf2 Bd7 34. Bc4 b5 35. axb5 axb5 36. Bd5 f6 37. Ke3 Kd6 38. Kd3 f5 39. Bg8 fxe4+ 40. Kxe4 h6 41. Nd4 Kc5 42. Bf7 Bxd4 43. b4+ Kxb4 44. Kxd4 g5 45. f4 gxf4 46. gxf4 Ka3 47. Ke5 b4 48. f5 b3 49. f6 b2 50. Bg6 Be8 51. Bb1 Bf7 52. Kd6 h5 53. h4 Ba2 54. Bf5 Kb4 55. Ke7 Kc5 56. f7 Bxf7 57. Kxf7 Kd5 58. Kg6 Ke5 59. Kg5 b1Q 60. Bxb1 Ke6 61. Kg6 Ke7 62. Kg7 1-0

[Event "Thessaloniki Vardaris op 6th"]
[Site "Thessaloniki"]
[Date "2020.03.01"]
[Round "5"]
[White "Opseth, Oliver"]
[Black "Madebrink, Lars"]
[Result "1/2-1/2"]
[WhiteElo "1894"]
[BlackElo "2115"]
[PlyCount "137"]
[EventDate "2020.02.27"]
[EventType "swiss"]
[EventRounds "7"]
[EventCountry "GRE"]
[SourceTitle "CBM 195 Extra"]
[Source "ChessBase"]
[SourceDate "2020.05.31"]
[SourceVersion "1"]
[SourceVersionDate "2020.05.31"]
[SourceQuality "1"]

1. e4 c5 2. d4 cxd4 3. c3 dxc3 4. Nxc3 Nc6 5. Nf3 d6 6. Bb5 Bd7 7. 0-0 Nf6 8. Bf4 g6 9. Qd2 Bg7 10. Bh6 0-0 11. Bxg7 Kxg7 12. Rad1 Qa5 13. Qf4 Ne5 14. Bxd7 Nexd7 15. Nd5 Nxd5 16. Rxd5 Qxa2 17. g4 Qxb2 18. g5 Rac8 19. Qg4 Rfd8 20. h4 Rc4 21. h5 Nb6 22. Rd2 gxh5 23. Qxh5 Qc3 24. Rc2 Qb3 25. Re2 Kg8 26. Nd2 Qd3 27. Nxc4 Nxc4 28. Kg2 Ne5 29. Rh1 Ng6 30. Qxh7+ Kf8 31. Re3 Qd4 32. Rf3 Qg7 33. Qh3 d5 34. exd5 Qe5 35. Qf5 Qxf5 36. Rxf5 Rxd5 37. Rxd5 Nf4+ 38. Kf3 Nxd5 39. Ke4 e6 40. Ke5 Kg7 41. f4 Ne3 42. Ra1 a5 43. Ke4 Nc4 44. Kd4 b5 45. Kc5 Nb2 46. Rxa5 Nd3+ 47. Kd4 Nxf4 48. Rxb5 Kg6 49. Rb7 Nh3 50. Ke5 Nxg5 51. Rb6 f6+ 52. Kf4 e5+ 53. Kg4 Nf7 54. Ra6 Nh6+ 55. Kf3 Kf5 56. Ra5 Nf7 57. Ra7 Nd6 58. Ra5 Ke6 59. Ra6 f5 60. Ke3 f4+ 61. Kf3 Kd5 62. Ra5+ Kd4 63. Ra4+ Nc4 64. Ra8 Nb6 65. Ra6 Nc4 66. Ra8 Nd6 67. Ra4+ Kd5 68. Rxf4 exf4 69. Kxf4 1/2-1/2

[Event "Thessaloniki Vardaris op 6th"]
[Site "Thessaloniki"]
[Date "2020.02.29"]
[Round "3"]
[White "Zeng, Chongsheng"]
[Black "Madebrink, Lars"]
[Result "1-0"]
[WhiteElo "2567"]
[BlackElo "2115"]
[PlyCount "89"]
[EventDate "2020.02.27"]
[EventType "swiss"]
[EventRounds "7"]
[EventCountry "GRE"]
[SourceTitle "CBM 195 Extra"]
[Source "ChessBase"]
[SourceDate "2020.05.31"]
[SourceVersion "1"]
[SourceVersionDate "2020.05.31"]
[SourceQuality "1"]

1. c4 Nf6 2. Nc3 g6 3. d4 Bg7 4. Nf3 0-0 5. Bg5 d6 6. e3 Nbd7 7. Be2 c6 8. 0-0 Qc7 9. Qc2 e5 10. Rad1 Re8 11. dxe5 dxe5 12. Nd2 h6 13. Bh4 Nf8 14. c5 Bf5 15. Qc1 Nd5 16. Nc4 Be6 17. Nd6 Reb8 18. Bc4 Nxc3 19. Qxc3 b6 20. Bg3 Bxc4 21. Nxc4 Re8 22. h3 Nd7 23. cxb6 Nxb6 24. e4 Nxc4 25. Qxc4 Rad8 26. b3 Qb6 27. Rfe1 Rd4 28. Rxd4 exd4 29. Kf1 Qb5 30. Bd6 d3 31. f3 Re6 32. Bc5 Bc3 33. Re3 Re5 34. Qxb5 cxb5 35. b4 a5 36. a3 a4 37. Rxd3 Bb2 38. Rd2 Bxa3 39. Rd8+ Kh7 40. Bd4 f6 41. Bxe5 fxe5 42. Rd5 Bxb4 43. Rxb5 Bc3 44. Rb7+ Kg8 45. Ra7 1-0

[Event "SWE-chT 1920 Superettan"]
[Site "Sweden"]
[Date "2020.02.01"]
[Round "5"]
[White "Eksmyr, Johan"]
[Black "Madebrink, Lars"]
[Result "0-1"]
[WhiteElo "2180"]
[BlackElo "2175"]
[PlyCount "74"]
[EventDate "2019.10.18"]
[EventType "team-tourn"]
[EventRounds "9"]
[EventCountry "SWE"]
[SourceTitle "EXT 2023"]
[Source "ChessBase"]
[SourceDate "2022.10.05"]
[SourceVersion "1"]
[SourceVersionDate "2022.10.05"]
[SourceQuality "1"]
[WhiteTeam "Orgryte"]
[BlackTeam "Kamraterna"]
[WhiteTeamCountry "SWE"]
[BlackTeamCountry "SWE"]

1. d4 d5 2. Bf4 Nf6 3. e3 c5 4. Nc3 a6 5. Nf3 e6 6. Ne5 Nc6 7. Be2 Bd6 8. Bg3 Qc7 9. f4 b6 10. Bf3 Bb7 11. Ne2 0-0 12. 0-0 Ne7 13. Bf2 cxd4 14. exd4 Ne4 15. c3 f6 16. Nd3 Ng6 17. g3 e5 18. Be3 Rae8 19. fxe5 fxe5 20. dxe5 Nxe5 21. Nxe5 Bxe5 22. Bxe4 dxe4 23. Qb3+ Kh8 24. Qxb6 Qc8 25. Qc5 Qb8 26. Rxf8+ Rxf8 27. Rf1 Rf3 28. Rxf3 exf3 29. Nf4 Qe8 30. Kf2 Bxf4 31. gxf4 h6 32. Qf5 Be4 33. Qe5 Qg6 34. Ke1 Bc6 35. f5 Qg2 36. Bf2 Bb5 37. c4 Bxc4 0-1

[Event "SWE-chT 1920 Superettan"]
[Site "Sweden"]
[Date "2020.01.11"]
[Round "4"]
[White "Madebrink, Lars"]
[Black "Wengholm, Anders"]
[Result "1-0"]
[WhiteElo "2175"]
[BlackElo "2218"]
[PlyCount "59"]
[EventDate "2019.10.18"]
[EventType "team-tourn"]
[EventRounds "9"]
[EventCountry "SWE"]
[SourceTitle "EXT 2023"]
[Source "ChessBase"]
[SourceDate "2022.10.05"]
[SourceVersion "1"]
[SourceVersionDate "2022.10.05"]
[SourceQuality "1"]
[WhiteTeam "Kamraterna"]
[BlackTeam "Pelaro Alingsas"]
[WhiteTeamCountry "SWE"]
[BlackTeamCountry "SWE"]

1. Nf3 Nf6 2. c4 c5 3. Nc3 g6 4. d4 Bg7 5. e4 cxd4 6. Nxd4 d6 7. Be2 Nc6 8. Nc2 0-0 9. 0-0 Bd7 10. Be3 Qa5 11. Rb1 Rfc8 12. Bd2 Qd8 13. Ne3 a6 14. f3 Nd4 15. Bd3 e6 16. Kh1 Nh5 17. Ng4 Qe7 18. Qe1 Kh8 19. e5 dxe5 20. Nxe5 Be8 21. g4 Rc5 22. Nd5 Qd8 23. Bc3 Rxd5 24. cxd5 Qxd5 25. gxh5 Qxe5 26. hxg6 hxg6 27. Be4 Bc6 28. Rd1 Bxe4 29. fxe4 Qc5 30. Rxf7 1-0

[Event "Sundsvall op"]
[Site "Sundsvall"]
[Date "2020.01.04"]
[Round "4"]
[White "Madebrink, Lars"]
[Black "Karlsson, Patrik"]
[Result "1-0"]
[WhiteElo "2111"]
[BlackElo "1938"]
[PlyCount "73"]
[EventDate "2020.01.04"]
[EventType "swiss"]
[EventRounds "8"]
[EventCountry "SWE"]
[SourceTitle "CBM 194 Extra"]
[Source "ChessBase"]
[SourceDate "2020.03.31"]
[SourceVersion "1"]
[SourceVersionDate "2020.03.31"]
[SourceQuality "1"]

1. d4 d5 2. Nf3 e6 3. c4 c6 4. Qc2 Nf6 5. g3 Bb4+ 6. Bd2 a5 7. a3 Bxd2+ 8. Nbxd2 Nbd7 9. Bg2 0-0 10. 0-0 Qe7 11. e4 dxe4 12. Nxe4 Nxe4 13. Qxe4 Nf6 14. Qe2 a4 15. Rad1 Rd8 16. Rd3 Qc7 17. Rfd1 Bd7 18. Ne5 Be8 19. h4 Rab8 20. Qc2 c5 21. Nf3 cxd4 22. Nxd4 Rbc8 23. Rc3 Qc5 24. Nb5 Ng4 25. Rf1 Bc6 26. Qe2 Bxg2 27. Kxg2 h5 28. Re1 Rd7 29. Rc2 Rcd8 30. Nc3 Qf5 31. Nxa4 Qa5 32. Nc3 Qc5 33. Ne4 Qc6 34. Kg1 Ne5 35. Qxh5 Rd3 36. Qxe5 R3d7 37. Qh5 1-0